| 000 | 00652nam a22001457a 4500 | ||
|---|---|---|---|
| 020 | _a978-0-340-95988-6 | ||
| 082 |
_a823 _bMCK/S |
||
| 100 | _aMCKAY HILARY | ||
| 245 |
_aSAFFY'S ANGEL _bWINNER OF THE SHITBREAD AWARD |
||
| 260 |
_aBRITIAN _bHODDER CHILDRENS BOOKS |
||
| 300 | _a218 | ||
| 520 | _aGrandad brought Saffy, as a very small child, back from Siena. At Grandad's death he leaves something to each of the children. To Saffy, it is "her angel," although no one knows its identity. How Saffy discovers what her angel is, with the help of an energetic new friend, lies at the heart of this enchanting story. | ||
| 650 | _aSHORT STORY | ||
| 942 | _cBK | ||
| 999 |
_c6131 _d6131 |
||